000 01174nac a22003857a 4500
001 BR0302310
003 BR-BrBNA
005 20240105122821.0
008 230509b bl.|||m| |||| 00| 0 por d
040 _aBR-BrBNA
_bpor
_cBiblioteca Nacional de Agricultura
072 _aF01
090 _a0150 BR0302310
100 1 _aPereira, J.A.
100 1 _aCastro, E. da M. de
100 1 _aMorais, O.P. de
100 1 _aRibeiro, V.Q.
110 1 _aEMBRAPA Meio-Norte, Teresina, PI (Brasil)
245 1 _aProdutividade e qualidade degrãos de arroz de terras altas na região Meio-Norte do Brasil
260 3 _aTeresina, PI (Brasil):
_c2000.
300 _a27 p.
490 _aBoletim de Pesquisa - EMBRAPA Meio-Norte (Brazil)
_vno. 29
_xISSN 1413-1455
500 _aSummaries (En, Pt.); 8 tables; 16 ref.
650 _aARROZ
650 _aGRÃO
650 _aPRODUTIVIDADE
650 _aQUALIDADE
650 _aAMILASE
650 _aCARACTERÍSTICAS AGRONÔMICAS
650 _aLINHAGEM
650 _aCOMPORTAMENTO DE VARIEDADE
650 _aPIAUÍ
650 _aMARANHÃO
909 _a202312
_bLúcia Elande
_c55
_dLúcia Elande
942 _2AGRIS
_n0
_cMS
999 _c292934
_d292934